Normal view
MARC view
- الذاكرة-علم النفس الفسيولوجي
Entry Topical Term
001 - CONTROL NUMBER
- control field: 35375
003 - CONTROL NUMBER IDENTIFIER
- control field: JO-AjAnu
005 - DATE AND TIME OF LATEST TRANSACTION
- control field: 20230606075921.0
008 - FIXED-LENGTH DATA ELEMENTS
- fixed length control field: 230606|| aca||aabn | a|a d
040 ## - CATALOGING SOURCE
- Original cataloging agency: JO-AjAnu
- Transcribing agency: JO-AjAnu
150 ## - HEADING--TOPICAL TERM
- Topical term or geographic name entry element: الذاكرة-علم النفس الفسيولوجي
670 ## - SOURCE DATA FOUND
- Source citation: Work cat.: (JO-AjAnu)18165: عبد الله، محمد قاسم, author 35374, سيكولوجيا الذاكرة :قضايا نفسية ومرضية وقانونية واجتماعية